000 00234nam a2200097Ia 4500
008 170619s9999 xx 000 0 und d
100 _aZeid Ibrahim
245 0 _aElectricity-Electronics fundamentals
260 _bLondon; MGH
260 _c1993
546 _aENGLISH
999 _c17703
_d17703